[Event "Zalakaros Barczay Memorial 2020"]
[Site "Zalakaros"]
[Date "2020.09.03"]
[Round "4.7"]
[White "Boguszlavszkij, Jevgenyij"]
[Black "Metaxasz, Vaszilisz"]
[Result "1-0"]
[WhiteElo "2168"]
[BlackElo "2039"]
[Annotator "TA"]
[PlyCount "69"]
[EventDate "2020.08.31"]
[EventType "swiss"]
[EventCountry "HUN"]
[SourceTitle "playchess.com"]
[Source "ChessBase"]
[SourceQuality "1"]

{[%evp 10,69,-11,-14,-12,-11,6,6,18,13,15,23,20,20,102,95,102,95,91,99,93,88,71,77,77,77,72,76,115,119,142,120,142,137,168,160,197,198,182,184,202,202,257,162,193,179,207,218,261,255,262,256,436,419,407,389,517,510,570,522,647,608]} 1. Nf3 d5 2. g3 g6 3. Bg2 Bg7 4. d3 e5 5. Nbd2 Nc6 6. O-O Nge7 {A07: Réti Opening: New York and Capablanca Systems.} 7. e4 dxe4 8. dxe4 O-O {The position is equal.} 9. c3 h6 10. Qe2 Be6 11. Rd1 {[#]} Qd6 $146 (11... Qb8 $11) ({Predecessor:} 11... Qc8 12. Nc4 Bh3 13. a4 Bxg2 14. Kxg2 Qe6 15. Be3 b6 16. Na3 Rfd8 17. Qc4 Qxc4 18. Nxc4 {½-½ (25) Lukic,A-Ciric,D Sarajevo 1958}) 12. Nb3 $16 Bc4 13. Qe1 $36 {[%mdl 2048] Black is under strong pressure.} Qe6 14. Nc5 {[%mdl 64] Double Attack} Qc8 15. b3 Be6 16. Nxe6 Qxe6 17. Bf1 Rad8 18. Ba3 g5 19. Qe3 Rfe8 20. Bc4 Qg4 21. Be2 Qe6 22. h4 gxh4 23. Nxh4 a6 24. Kg2 Rxd1 25. Rxd1 Rd8 26. Rh1 Qd7 27. Bc1 b5 28. a4 Na5 29. axb5 axb5 {[#]} 30. Ba3 $1 Nxb3 $2 (30... Nb7 {was worth a try.} 31. Qa7 Nd6) 31. Rd1 $18 Qe8 {[#]} 32. Bxb5 $1 {[%mdl 512]} Qf8 (32... Qxb5 33. Rxd8+) 33. Rb1 {White is clearly winning.} Nd2 34. Rb2 Nd5 35. exd5 {White took control after the opening. Accuracy: White = 92%, Black = 48%.} 1-0

[Event "Zalakaros Barczay Memorial 2020"]
[Site "Zalakaros"]
[Date "2020.09.03"]
[Round "4.8"]
[White "Piroska, Istvan"]
[Black "Bodrogi, Bendeguz"]
[Result "0-1"]
[WhiteElo "2131"]
[BlackElo "2078"]
[Annotator "TA"]
[PlyCount "76"]
[EventDate "2020.08.31"]
[EventType "swiss"]
[EventCountry "HUN"]
[SourceTitle "playchess.com"]
[Source "ChessBase"]
[SourceQuality "1"]

{[%evp 13,76,34,34,23,27,28,29,29,37,-7,47,28,33,27,39,40,39,-31,-22,-27,-31,-34,-24,-39,0,0,0,0,33,31,27,0,0,0,0,0,0,0,0,0,0,0,0,0,0,-27,0,0,0,-197,174,178,392,-18,-23,-29986,-29987,-29995,-29996,-29996,-29997,-29997,-29998,-29998,-29999]} 1. e4 c5 2. Nf3 Nc6 3. d4 cxd4 4. Nxd4 e5 5. Nb5 d6 6. N1c3 a6 7. Na3 Be7 8. Nd5 {B32: Sicilian: Löwenthal and Kalashnikov Variations.} Nf6 9. Nxf6+ Bxf6 10. Nc4 {White has an edge.} O-O 11. Be3 Be7 (11... Nd4 $11) 12. Nb6 Rb8 13. Nxc8 Rxc8 14. c3 Bg5 15. Qd2 (15. Bxg5 $14 Qxg5 16. g3) 15... Bxe3 $15 16. Qxe3 d5 17. exd5 Qxd5 18. Bd3 {[#]} f5 $146 ({Predecessor:} 18... Rfd8 19. Bf5 Rc7 20. O-O g6 21. Be4 Qb5 22. Rfd1 Rcd7 23. Rxd7 Rxd7 24. b3 Ne7 25. g3 {½-½ (25) Tardi,O (1888)-Fanha,P (1938) Ruzomberok 2016}) 19. O-O e4 20. Bc2 Qe5 21. Rad1 Rcd8 22. Qb6 Qe7 23. Bb3+ Kh8 24. Rd5 Ne5 25. Rfd1 Nd3 26. Bc4 Rxd5 27. Bxd5 Rd8 28. c4 h6 29. a3 (29. Qxb7 Qc5 $1 $17 {[%mdl 512]}) 29... Rf8 30. b4 Qe5 31. Bxb7 $2 (31. Rf1 $11 {and White stays safe.}) 31... f4 $4 {[%mdl 8192]} (31... Rb8 $19 {...Rxb7! is the strong threat.} 32. Rf1 (32. Qxa6 $2 e3 $19) 32... Qe7) 32. Qg6 $18 ({Don't go for} 32. Qxa6 $2 e3 $19) 32... Rf5 $2 (32... Re8) 33. h3 $2 ({Only move:} 33. h4 $1 $18) 33... f3 $11 {Threatens to win with ...Rg5!} 34. g4 $2 {[%mdl 8192] [#] This move loses the game for White.} ({But not} 34. Qxa6 $2 Nxf2 $1 {[%mdl 512]} 35. Qd6 Nxd1 $19) (34. Qb6 $11 Nxf2 35. Qxf2) 34... e3 $3 {[%mdl 512] Black mates.} 35. Qxf5 exf2+ 36. Kh1 Qe1+ {[%mdl 64] Double Attack} 37. Kh2 {[#]} f1=N+ $1 ({Not} 37... f1=Q 38. Qf8+ Kh7 39. Qf5+ {[%mdl 64] Double Attack} Kh8 40. Qf8+ Kh7 41. Qf5+ {[%mdl 64] Double Attack} g6 42. Qd7+ Kh8 43. Qc8+ Kh7 44. Qd7+ Kh8 45. Qc8+ Kh7 46. Qd7+ $11) 38. Kh1 {[#]} Ng3+ $1 {[%mdl 576] Double Attack, Discovered Attack (Double check). Accuracy: White = 59%, Black = 64%.} 0-1

[Event "Zalakaros Barczay Memorial 2020"]
[Site "Zalakaros"]
[Date "2020.09.03"]
[Round "4.9"]
[White "Marosvolgyi, Ferenc"]
[Black "Herbold, Manfred"]
[Result "0-1"]
[WhiteElo "1811"]
[BlackElo "2063"]
[Annotator "TA"]
[PlyCount "99"]
[EventDate "2020.08.31"]
[EventType "swiss"]
[EventCountry "HUN"]
[SourceTitle "playchess.com"]
[Source "ChessBase"]
[SourceQuality "1"]

{[%evp 9,99,41,42,39,69,35,47,35,44,33,46,40,73,-35,-40,-40,-21,-69,-69,-81,-67,-91,-70,-135,-134,-138,-54,-60,-46,-36,-42,-128,-134,-137,-129,-215,-144,-144,-137,-177,-71,-197,-129,-212,-192,-245,-252,-253,-246,-246,-241,-238,-239,-285,-286,-353,-263,-248,-217,-208,-189,-285,-288,-458,-387,-381,-369,-404,-412,-986,-985,-29983,-29984,-29991,-871,-826,-668,-917,-711,-5006,-29972,-29971,-29973,-29970,-29964,-29987,-29988,-29992,-29993,-29993,-29994,-29997]} 1. d4 d6 2. c4 e5 3. d5 a5 4. Nc3 Bd7 5. e4 {[#]} Be7 $146 ({Predecessor:} 5... Na6 6. Be3 g6 7. Bd3 Bh6 8. Qd2 Bxe3 9. Qxe3 f5 10. f4 exf4 11. Qxf4 Nc5 {0-1 (55) Hrabec,K (1750)-Boucek,V (2015) Znojmo 1997}) 6. Bd3 {A41: 1 d4 d6: Tartakower System and Modern Defence.} Nf6 7. Nge2 Na6 8. O-O {White is slightly better.} O-O 9. a3 Nc5 10. Bc2 a4 11. f4 (11. Be3 $16) 11... exf4 $1 $15 12. Bxf4 Ng4 13. Rf3 Bf6 14. Rb1 Re8 15. Qf1 Qe7 16. Nb5 ({White should try} 16. h3 $15 Ne5 17. Bxe5 Bxe5 18. Qf2) 16... Bxb5 $1 $17 17. cxb5 Ne5 (17... Nxe4 $17 18. h3 Ng5 19. Bxg5 Bxg5) 18. Rh3 $15 g6 19. Nc3 Ng4 {aiming for ...Bd4+.} 20. Qe2 (20. Rd1 $15) 20... Bd4+ $17 21. Kf1 h5 22. Rf3 (22. Qd2 $17 Bxc3 23. bxc3) 22... Ne5 23. Bxe5 Qxe5 24. g3 {[#]} b6 (24... f5 $1 $19 {[%cal Rf5e4][%mdl 512] is more deadly.} 25. Re1 (25. exf5 Bxc3) 25... fxe4 {[%mdl 64] Overworked Piece} 26. Nxe4 Qxd5) 25. Kg2 {Loses the game.} (25. Re1 $17) 25... f5 ({Black should play} 25... Bxc3 $1 $19 26. bxc3 Qxd5 $1 {[%mdl 512]}) 26. Rbf1 (26. Re1 $17) 26... Bxc3 $1 $19 ({Less strong is} 26... Nxe4 27. Nxe4 fxe4 28. Rf4 $15) 27. Rxc3 (27. bxc3 {keeps fighting.} Qxd5 {[%mdl 64] Pin} 28. c4) 27... fxe4 28. Qe3 Kg7 29. Rd1 Ra5 30. Qe2 Re7 31. Bb1 Ra8 {[%cal Ba5a8,Ba8e8,Be8f8][%mdl 32]} 32. Qc4 Qg5 33. Qd4+ Kh7 34. Re3 Rae8 35. Rde1 (35. h4 $142 Qh6 36. Bc2) 35... Re5 36. Ba2 (36. Rf1 $142) 36... h4 37. Bc4 Rf8 38. Kg1 Ref5 39. Qc3 (39. Rf1 $142) 39... Rf2 40. Bf1 Qf5 (40... hxg3 $2 41. Rxg3 Qf6 42. Bg2 $17) 41. Qc4 {[#]} Rxb2 (41... Nd3 $142 $1 {[%mdl 512]} 42. Qc1 (42. Bxd3 Qh3) 42... Nxc1 43. Bg2 {[#]} Rxg2+ $1 {[%mdl 576] Remove Defender, Back Rank} 44. Kxg2 h3+ 45. Kh1 Qf1+ $1 {[%mdl 576] Back Rank} 46. Rxf1 Rxf1#) 42. R3e2 Rb3 43. Qc1 hxg3 {Threatens to win with ...Nd3.} 44. hxg3 Rxg3+ 45. Bg2 {Black mates.} Nd3 46. Qxc7+ Rf7 47. Qxd6 {[#]} Rxg2+ $1 {[%mdl 512]} 48. Kxg2 (48. Rxg2 Nxe1) 48... Nxe1+ 49. Rxe1 Qf2+ 50. Kh3 {Accuracy: White = 38%, Black = 69%.} 0-1

[Event "Zalakaros Barczay Memorial 2020"]
[Site "Zalakaros"]
[Date "2020.09.03"]
[Round "4.10"]
[White "Boronyak, Arpad"]
[Black "Deak, Laszlo"]
[Result "1/2-1/2"]
[WhiteElo "2120"]
[BlackElo "1890"]
[Annotator "TA"]
[PlyCount "20"]
[EventDate "2020.08.31"]
[EventType "swiss"]
[EventCountry "HUN"]
[SourceTitle "playchess.com"]
[Source "ChessBase"]
[SourceQuality "1"]

{[%evp 15,20,21,12,27,5,-21,-22]} 1. e4 e5 2. Nf3 Nc6 3. Bc4 Nf6 4. d3 Be7 5. O-O O-O 6. c3 d5 7. exd5 Nxd5 8. Re1 Bf6 9. Nbd2 {C55: Two Knights: 4 d3, 4 d4 exd4 5 e5 and Max Lange Attack.} Nb6 {[#]} 10. Qe2 $146 ({Predecessor:} 10. Bb5 Bd7 11. Ne4 Re8 12. Be3 a6 13. Bxc6 Bxc6 14. Bxb6 cxb6 15. Qe2 Re6 16. Rad1 Be7 {½-½ (54) Mamedov,R (2653)-Kantans,T (2514) Reykjavik 2015}) 10... Nxc4 {A rather calm draw.} 1/2-1/2

[Event "Zalakaros Barczay Memorial 2020"]
[Site "Zalakaros"]
[Date "2020.09.03"]
[Round "4.11"]
[White "Jeszenszky, Jozsef"]
[Black "Dlauchy, Peter"]
[Result "0-1"]
[WhiteElo "2048"]
[BlackElo "1690"]
[Annotator "TA"]
[PlyCount "116"]
[EventDate "2020.08.31"]
[EventType "swiss"]
[EventCountry "HUN"]
[SourceTitle "playchess.com"]
[Source "ChessBase"]
[SourceQuality "1"]

{[%evp 24,116,17,19,40,31,48,57,47,46,46,51,53,44,58,29,59,26,40,44,74,-61,23,-199,-194,-175,-1,-78,-79,-88,15,8,30,-140,12,-69,-44,-144,-112,-257,-254,-265,-251,-254,-242,-258,-243,-205,-124,-118,-70,-68,-50,-62,-40,-114,-126,-760,-770,-681,-664,-5489,-1016,-883,-740,-731,-721,-858,-858,-841,-824,-29992,-29993,-29993,-29994,-29994,-29990,-29990,-29991,-29991,-29992,-29992,-29993,-29993,-29993,-29994,-29991,-29991,-29992,-29994,-29992,-29992,-29992,-29992,-29993]} 1. d4 d5 2. c4 e6 3. Nc3 Nf6 4. cxd5 exd5 5. Bg5 Be7 6. e3 c6 7. Bd3 Nbd7 8. h3 O-O 9. Qc2 Re8 10. Nf3 Nf8 11. O-O Ng6 12. Bxf6 Bxf6 13. b4 Bd7 {D36: Queen's Gambit Declined: Exchange Variation: Main line (5 Bg5 c6 6 Qc2).} 14. Rab1 Rb8 15. b5 {[#]} Qa5 $146 {White is slightly better.} ({Predecessor:} 15... Qe7 16. Rb3 Rec8 17. bxc6 Bxc6 18. Qb1 b6 19. a4 Qe8 20. Ba6 Rd8 21. Rc1 h6 {1-0 (37) Ramos Aguilar,J (2103)-Rodriguez Redondo,A (1510) Santa Cruz de Tenerife 2014}) 16. bxc6 Bxc6 17. Rfc1 Rec8 18. Bf5 Re8 19. Nd2 Qd8 20. Na4 Be7 21. Nc5 Bd6 22. Ndb3 (22. Na6 $16) 22... Kh8 ({Black should try} 22... Nh4 $1 $15 23. Bxh7+ Kh8) 23. Qd2 $2 (23. Bg4 $11) 23... Nh4 $1 $19 {[%cal Rh4f5]} 24. Bg4 Qg5 $2 (24... f5 $1 $19 {[%cal Rf5g4]} 25. Be2 Qg5 $1 {[%mdl 512]}) 25. f4 (25. g3 $1 $11 {remains equal.}) 25... Qg6 $36 {[%mdl 2048] White must now prevent ...f5. Black is in control.} 26. Qf2 {[#]} Nf5 (26... Nxg2 $1 $17 27. Qxg2 Rxe3) 27. Bxf5 $1 $11 Qxf5 28. Rd1 $2 (28. Na5 $1 $11) 28... Bb5 $2 (28... b6 $17 29. g4 Qg6) 29. a4 (29. Na5 $11) 29... Bc4 30. g4 (30. Nd2 $15) 30... Qc8 $17 31. Rbc1 (31. Rdc1 $17 {was called for.}) 31... b6 $19 32. Nd3 Qa6 33. Rc3 Qxa4 34. Ra1 Qd7 35. Ne5 Bxe5 36. dxe5 Bxb3 37. Rxb3 Rbc8 38. Rd3 Qb5 39. Qd2 {Black continues to play with concentration.} (39. Rad1 $15) 39... Rc5 $17 40. Rxa7 $2 {[%mdl 8192]} (40. Qd1 $17) 40... Qb1+ $19 41. Kf2 Rc2 42. Rxf7 Rxd2+ (42... Qd1 $142 43. Rc7 Rxd2+ 44. Rxd2 Qxd2+ 45. Kf3 Ra8) 43. Rxd2 h6 44. Rd7 Rc8 {Threatens to win with ...Rc1.} 45. e6 Rc1 {( -> ...Rg1)} 46. e7 Rf1+ 47. Kg2 Rg1+ {Black mates.} 48. Kh2 Rh1+ 49. Kg3 Qe1+ 50. Rf2 Qxe3+ 51. Rf3 Qe1+ 52. Rf2 Rg1+ 53. Kh4 Qxf2+ 54. Kh5 Re1 55. Kg6 Re6+ 56. Kf5 Rf6+ 57. Ke5 Qxf4+ 58. Kxd5 Qd2+ {Accuracy: White = 35%, Black = 60%.} 0-1

[Event "Zalakaros Barczay Memorial 2020"]
[Site "Zalakaros"]
[Date "2020.09.04"]
[Round "5.1"]
[White "Horvath, Adam"]
[Black "Kaczur, Florian"]
[Result "1/2-1/2"]
[WhiteElo "2497"]
[BlackElo "2488"]
[Annotator "TA"]
[PlyCount "124"]
[EventDate "2020.08.31"]
[EventType "swiss"]
[EventCountry "HUN"]
[SourceTitle "playchess.com"]
[Source "ChessBase"]
[SourceQuality "1"]

{[%evp 15,124,11,11,11,8,24,18,10,11,2,6,9,13,24,9,20,28,20,16,26,28,30,35,26,39,11,8,7,9,8,43,15,25,14,18,13,14,13,13,12,13,10,12,8,11,0,14,14,14,14,30,30,30,30,30,18,108,109,84,26,60,60,53,38,40,40,55,51,55,63,179,179,179,179,179,179,179,179,179,179,179,179,179,179,179,179,179,30,30,30,30,30,30,30,30,30,30,30,30,30,30,30,30,30,30,30,30,30,30,30,30]} 1. e4 e5 2. Nf3 Nc6 3. Bc4 Nf6 4. d3 Bc5 5. c3 O-O 6. O-O d5 7. exd5 Nxd5 8. Re1 Bg4 9. Nbd2 {C54: Giuoco Piano: 4 c3 Nf6, main lines with 5 d4 and 5 d3.} Nb6 10. h3 Bh5 11. Bb3 $1 {[%mdl 4] The position is equal. is more profitable than 11.Bb5 at the moment.} Qxd3 12. Nxe5 Qf5 $1 13. Nef3 $1 {[#]} Rae8 $146 ({Predecessor:} 13... Rad8 14. Qe2 Qc8 15. Ne4 Be7 16. Bf4 Nd5 17. Bh2 Nf6 18. Ng3 Bg6 19. Nh4 Bd6 20. Nxg6 hxg6 {½-½ (59) Vachier Lagrave,M (2780)-Shirov,A (2684) Moscow 2019}) 14. g4 Bxg4 $1 15. hxg4 Qxg4+ 16. Kh1 Bxf2 17. Nh2 Qxd1 18. Rxd1 Be3 19. Nhf3 g6 20. Nc4 (20. a4 {looks sharper.} Re7 21. a5 Nd7 22. a6 b6 23. Ba4) 20... Nxc4 21. Bxc4 Bxc1 22. Raxc1 Re7 23. b4 a6 24. Re1 Rfe8 25. Rxe7 Rxe7 26. Ng5 Kg7 $1 27. Nxf7 Rxf7 28. Bxf7 Kxf7 $11 {[%mdl 4096] Endgame KR-KN} 29. Kg2 Ke6 30. Rd1 Ne7 31. c4 b5 32. Rc1 Kd7 33. Kf3 Nc6 34. cxb5 axb5 35. a3 Ne5+ (35... Ne7 $11 {keeps the balance.}) 36. Ke4 $16 {[%mdl 1024] White has strong compensation.} Nc4 37. Kd5 ({Better is} 37. Rc3 $16) 37... c6+ 38. Kc5 Ne5 $1 {[%cal Re5d3]} 39. Kd4 Kd6 40. Rf1 Nd7 41. Rf7 h5 42. Rf1 Kc7 (42... Ke6 $14) 43. Rg1 $18 Nf8 {[#]} 44. Ke5 $1 Nd7+ 45. Ke6 h4 46. Rf1 Nb8 47. Rf7+ Kb6 {Black hopes to continue with ...c5.} 48. Kd6 {[#] aiming for Rg7.} Na6 49. Rf6 g5 50. Rh6 h3 51. Kd7 ({Don't take} 51. Rxh3 $6 c5 $14) (51. Ke5 $18) 51... Kb7 $1 $11 {White has an edge.} ({Don't go for} 51... g4 $2 52. Rxc6+ Kb7 53. Rh6 $18) 52. Rxh3 {And now Rc3 would win.} c5 $1 53. bxc5 Nxc5+ 54. Kd6 Kb6 55. Kd5 {Strongly threatening Rh6+.} Na6 $1 56. Rg3 b4 57. a4 {Threatens to win with Kc4.} Ka5 58. Rxg5 Kxa4 59. Kc4 b3 60. Rb5 b2 61. Rxb2 {[%cal Rb2a2]} Ka5 $1 62. Rb1 Nc7 {Black defended with fortune. Accuracy: White = 88%, Black = 88%.} 1/2-1/2

[Event "Zalakaros Barczay Memorial 2020"]
[Site "Zalakaros"]
[Date "2020.09.04"]
[Round "5.2"]
[White "Aczel, Gergely"]
[Black "Pasztor, Ferenc"]
[Result "1-0"]
[WhiteElo "2532"]
[BlackElo "2231"]
[Annotator "TA"]
[PlyCount "121"]
[EventDate "2020.08.31"]
[EventType "swiss"]
[EventCountry "HUN"]
[SourceTitle "playchess.com"]
[Source "ChessBase"]
[SourceQuality "1"]

{[%evp 9,121,20,17,32,59,55,57,56,64,35,64,31,31,30,36,21,33,28,27,9,50,25,66,65,71,35,60,63,66,39,38,45,62,50,93,45,56,31,60,37,70,66,86,78,106,66,98,72,179,69,130,125,208,208,278,275,266,231,292,270,297,297,304,299,281,237,269,252,658,373,578,329,526,464,471,416,429,371,525,628,647,636,624,568,648,673,955,639,860,683,637,616,924,916,945,1023,1102,1060,1215,1124,29985,29986,29991,29992,29992,6233,29992,29987,12839,834,29993,29993,29993,1191]} 1. d4 Nf6 2. c4 e6 3. Nc3 Bb4 4. Qb3 Nc6 5. e3 Ne4 {[#]} 6. Nge2 $146 {E22: Nimzo-Indian: 4 Qb3.} ({Predecessor:} 6. Bd3 f5 7. Nf3 b6 8. O-O Bxc3 9. bxc3 Bb7 10. Ba3 Ne7 11. c5 O-O 12. Rad1 Rf6 13. Ne1 {1-0 (71) Konya,L (2147)-Magony,E (1843) Hungary 2011}) 6... O-O 7. a3 Bxc3+ 8. Nxc3 {White is slightly better.} f5 9. g3 Ne7 10. Nxe4 fxe4 11. Bg2 d5 12. cxd5 exd5 13. Bxe4 Bh3 14. f4 Rc8 15. Bd2 Kh8 16. Bf3 $36 {[%mdl 2048] White has some pressure.} Qd7 17. Bb4 c6 18. Bxe7 Qxe7 19. Kf2 g5 20. Rhe1 Rc7 21. Qc3 Rd7 22. Re2 Qf6 23. Rc1 h5 24. Ke1 h4 25. Kd2 Rh7 26. Qc5 a6 27. Qb4 Rff7 28. Qc3 Kg7 (28... Rfg7 $16) 29. Rf2 (29. g4 $18) 29... Kh8 (29... hxg3 $1 $14 30. hxg3 Bd7) 30. Be2 $16 Rhg7 {[#]} (30... gxf4 $16 31. Rxf4 Qe6) 31. f5 $1 $18 {[%mdl 512]} hxg3 (31... Bxf5 32. g4) 32. hxg3 g4 33. Qb4 Re7 34. Bd3 Re8 35. Re1 Rge7 36. Bc2 Kg8 37. Qc3 Rd8 38. Rf4 Rg7 $2 (38... Bg2 39. Bd1 (39. Rxg4+ Rg7 $16) 39... Kh8 40. Bxg4 Rh7) 39. Re2 Rgd7 (39... Re7 $142 40. e4 dxe4 41. Rexe4 Rxe4 42. Rxe4 Qg5+ 43. Rf4 Qf6 44. Bb3+ Kh7) 40. Kc1 Re7 (40... Re8 $142 41. e4 dxe4 42. Rfxe4 Rxe4 43. Rxe4 Re7) 41. Kb1 Rde8 42. Ka1 Kf8 43. Qb4 Kf7 (43... a5 {was called for.} 44. Qc5 (44. Qxa5 Rxe3 45. Rxe3 Rxe3 $18) 44... Kg7) 44. e4 dxe4 45. Bb3+ Kg7 46. Be6 Kh7 47. Rfxe4 Kg7 48. Qd6 Qg5 49. Rf4 {Black must now prevent f6+.} Qf6 50. Rc2 Rf8 51. d5 cxd5 52. Qxd5 Rfe8 53. Rfc4 Qg5 54. Rc7 Kh6 55. Qd4 Rxc7 56. Rxc7 Bg2 57. Qd7 (57. Qd6 $142 Qf6 58. Rf7 Qxf7 59. Bxf7+ {[%mdl 64] Discovered Attack} Kg7 60. Bxe8 Bd5 61. f6+ Kh6 62. Qxd5 Kh7 63. Qxb7+ {[%mdl 64] Double Attack} Kh8 64. Qg7#) 57... Rh8 58. Qf7 Be4 59. Ka2 (59. Bc8 $142 Bd3 60. Qd5) 59... b5 60. Ra7 Bc6 61. Rxa6 {Accuracy: White = 57%, Black = 32%.} (61. Bb3 $142 b4 62. Re7 Bd5 63. Bxd5 Qxf5 64. Qxf5 b3+ 65. Bxb3 a5 66. Qf6+ {[%mdl 64] Double Attack} Kh5 67. Bf7#) 1-0

[Event "Zalakaros Barczay Memorial 2020"]
[Site "Zalakaros"]
[Date "2020.09.04"]
[Round "5.3"]
[White "Pasti, Aron"]
[Black "Meszaros, Andras"]
[Result "1-0"]
[WhiteElo "2270"]
[BlackElo "2203"]
[Annotator "TA"]
[PlyCount "175"]
[EventDate "2020.08.31"]
[EventType "swiss"]
[EventCountry "HUN"]
[SourceTitle "playchess.com"]
[Source "ChessBase"]
[SourceQuality "1"]

{[%evp 20,175,59,42,48,48,76,76,85,90,122,110,122,115,141,120,120,114,125,103,143,151,206,222,209,205,221,189,214,81,85,89,89,72,68,73,131,86,103,102,105,113,105,109,125,77,88,83,88,88,88,88,88,88,94,85,88,80,73,68,64,68,64,64,88,64,64,64,69,71,71,52,73,59,54,54,54,58,58,54,66,66,66,55,69,0,88,88,88,65,68,73,88,88,88,88,88,88,88,88,88,88,88,88,88,88,88,88,88,88,96,88,96,96,96,96,96,89,89,68,96,96,96,96,96,96,96,96,96,96,96,69,69,49,35,14,65,69,29968,29970,7577,6195,29998,29978,29978,29979,29979,29965,29980,29981,29981,29982,29982,29981,29987,29988,29988,29989]} 1. e4 e5 2. Nf3 Nc6 3. Bb5 a6 4. Ba4 Nf6 5. O-O Be7 6. Re1 b5 7. Bb3 d6 8. c3 O-O 9. h3 Bb7 10. d4 Qd7 11. Nbd2 {[%cal Bb1d2,Bd2f1,Bf1g3][%mdl 32]} Rad8 {C92: Closed Ruy Lopez: 9...Be6, Karpov and Flohr-Zaitsev Variations.} 12. Bc2 exd4 13. cxd4 Nb4 {White is better.} 14. Bb1 $1 c5 {[#]} 15. d5 $146 ({Predecessor:} 15. a3 Nc6 16. d5 Ne5 17. Nh2 Qc7 18. f4 Ned7 19. Ndf1 c4 20. Nf3 Rfe8 21. g4 {1-0 (44) Kondali,J-Busemann,S corr 1984}) 15... a5 16. Nf1 Na6 17. Ng3 g6 18. Bh6 Rfe8 19. Qd2 a4 {[#]} 20. Nf5 $1 {[%mdl 512]} Nc7 (20... Nh5 $16 {was necessary.}) (20... gxf5 21. Qg5+) 21. Nxe7+ $18 Rxe7 22. Bg5 Nce8 23. Nh2 Bc8 24. Ng4 (24. Bd3 $18 {has better winning chances.}) 24... Nxg4 $16 25. Bxe7 Qxe7 26. hxg4 Bxg4 27. Bd3 c4 ({Black should play} 27... Bd7) 28. Be2 Nf6 29. b3 Bxe2 30. Qxe2 axb3 31. axb3 Qe5 32. g3 cxb3 33. Qxb5 b2 34. Rab1 Nxe4 35. Rxb2 Qf5 36. Qd3 Qf6 37. Rbe2 Nc5 38. Qe3 {aiming for Qh6.} (38. Qc4 {keeps more tension.} Kg7 39. Re8 Rxe8 40. Rxe8 h5 41. Kf1) 38... Nd7 39. Qe7 Qxe7 40. Rxe7 $14 {[%mdl 4096] Endgame Hoping for Re8+. KRR-KRN} Nf6 41. Rd1 Ra8 42. Rb1 Nxd5 43. Rd7 Nf6 44. Rxd6 Kg7 45. Rb7 Ra5 46. Kg2 h5 47. Rd3 Ng4 48. Rf3 Ne5 49. Rfb3 Ra2 50. Rb2 Ra6 51. Re2 Ra5 52. Reb2 (52. f4 $14 Ng4 53. Kh3) 52... Nd3 (52... Ra6 $1 $11) 53. R7b5 $16 Ra1 54. Rd2 Ne1+ 55. Kh3 Nf3 56. Rd3 $1 {[%cal Rd3f3]} Rh1+ 57. Kg2 Ne1+ 58. Kxh1 Nxd3 {KR-KN} 59. Kg2 Ne1+ 60. Kf1 Nf3 61. Ra5 Kf6 62. Ke2 Ne5 63. Rb5 Ng4 64. Kf3 Kg7 65. Rb6 Kf8 66. Rb2 Kg7 67. Kf4 Nf6 68. Rb5 Ng4 69. f3 Nf6 70. Rb7 Nh7 71. Ke5 Ng5 72. Rb3 Ne6 73. Rc3 Nf8 74. Ra3 Nh7 75. Kd6 Kf6 76. Kd7 Ng5 77. Ke8 Kg7 (77... Ne6 $11) 78. Ra7 $14 {Threatens to win with f4.} Kh6 $2 {[%mdl 8192] [#] This costs Black the game.} (78... Kg8 $14) 79. f4 $1 Ne4 80. Kxf7 Nxg3 81. Ra6 {White mates.} h4 82. Rxg6+ Kh5 83. Rg5+ Kh6 84. Rg8 {[%cal Rg8h8]} Kh5 85. Ke6 Ne2 86. f5 Nd4+ {[#]} 87. Ke5 $1 Nc6+ 88. Kf4 {Accuracy: White = 88%, Black = 77%.} 1-0